=LDR 00000nam 2200000 4500 =001 INLIS000000000045625 =005 20150206082021.0 =006 =007 =008 =020 ##$$a 978-602-8219-70-9 =035 ##$$0010-021500000000185 =040 ##$$a NBPDMAT =082 ##$$a 507.24 =090 ##$$a 507.24 $b Waw y =100 ##$$a Wawan Agustina =245 ##$$a Yuk Bereksperimen / $b Oleh Wawan Agustina,Linda Chandayani =250 ##$$a Cet. 1 =260 ##$$a Jakarta $b Mobil Edumedia $c 2008 =300 ##$$a x, 208 hlm $b Ilus $c 25 cm =500 ##$$a Bibliografi : hlm. 25 =650 ##$$a Sians Eksperimen =700 ##$$a Linda Chandayani =990 ##$$a 0001/BPAP-NTB/2016 =990 ##$$a 0001/BPAP-NTB/2016